Manual de la los Sistemas de Información : (Registro nro. 5734)
[ vista simple ]
| 000 -LEADER | |
|---|---|
| fixed length control field | 01230nam a2200277Ia 4500 |
| 003 - CONTROL NUMBER IDENTIFIER | |
| control field | OSt |
| 005 - DATE AND TIME OF LATEST TRANSACTION | |
| control field | 20200325103347.0 |
| 008 - FIXED-LENGTH DATA ELEMENTS--GENERAL INFORMATION | |
| fixed length control field | 191128s1984 sp a gr 000 0 spa d |
| 020 ## - INTERNATIONAL STANDARD BOOK NUMBER | |
| International Standard Book Number | 8428304351 |
| 040 ## - CATALOGING SOURCE | |
| Original cataloging agency | CO-JMCR |
| Transcribing agency | CO-JMCR |
| 082 04 - DEWEY DECIMAL CLASSIFICATION NUMBER | |
| Classification number | 003 / |
| Item number | H333m |
| 100 1# - MAIN ENTRY--PERSONAL NAME | |
| Personal name | Hartman, W., |
| Relator term | autor |
| 9 (RLIN) | 1790 |
| 245 10 - TITLE STATEMENT | |
| Title | Manual de la los Sistemas de Información : |
| Remainder of title | Análisis requisitos y su determinación, Diseño y desarrollo, Implantación y evaluación / |
| Statement of responsibility, etc. | W. Hartman ; traductores, Angel Salto Dolla, Antonio Narbona Baez, Francisco Feltrer Garcia |
| 260 ## - PUBLICATION, DISTRIBUTION, ETC. | |
| Place of publication, distribution, etc. | Madrid : |
| Name of publisher, distributor, etc. | Paraninfo, |
| Date of publication, distribution, etc. | 1984 |
| 300 ## - PHYSICAL DESCRIPTION | |
| Extent | 382 páginas : |
| Other physical details | ilustraciones en blanco y negro ; |
| Dimensions | 21 cm. |
| 505 ## - FORMATTED CONTENTS NOTE | |
| Formatted contents note | El concepto de organización -- Finalidad del ARDI -- objetivo de ARDI -- Contribución de ARDI al desarrollo de sistemas -- Subdivisiones y actualización -- Terminologia |
| 546 ## - LANGUAGE NOTE | |
| Language note | spa |
| 650 14 - SUBJECT ADDED ENTRY--TOPICAL TERM | |
| Topical term or geographic name entry element | Política social |
| 9 (RLIN) | 1606 |
| 650 24 - SUBJECT ADDED ENTRY--TOPICAL TERM | |
| Topical term or geographic name entry element | Población rural |
| 9 (RLIN) | 1791 |
| 650 24 - SUBJECT ADDED ENTRY--TOPICAL TERM | |
| Topical term or geographic name entry element | Condiciones sociales |
| 9 (RLIN) | 1792 |
| 650 24 - SUBJECT ADDED ENTRY--TOPICAL TERM | |
| Topical term or geographic name entry element | Estadísticas sociales |
| 9 (RLIN) | 1793 |
| 700 1# - ADDED ENTRY--PERSONAL NAME | |
| Personal name | Salto Dolla, Angel, |
| Relator term | traductor |
| 9 (RLIN) | 1794 |
| 700 1# - ADDED ENTRY--PERSONAL NAME | |
| Personal name | Narbona Baez, Antonio, |
| Relator term | traductor |
| 9 (RLIN) | 1795 |
| 700 1# - ADDED ENTRY--PERSONAL NAME | |
| Personal name | Feltrer Garcia, Francisco, |
| Relator term | traductor |
| 9 (RLIN) | 1796 |
| 942 ## - ADDED ENTRY ELEMENTS (KOHA) | |
| Source of classification or shelving scheme | Dewey Decimal Classification |
| Koha item type | Books |
| Withdrawn status | Lost status | Source of classification or shelving scheme | Materials specified (bound volume or other part) | Damaged status | Not for loan | Home library | Current library | Date acquired | Source of acquisition | Cost, normal purchase price | Total Checkouts | Full call number | Barcode | Date last seen | Copy number | Price effective from | Koha item type |
|---|---|---|---|---|---|---|---|---|---|---|---|---|---|---|---|---|---|
| Dewey Decimal Classification | Donación--15/04/2018-- | Biblioteca Pública José María del Castillo y Rada | Biblioteca Pública José María del Castillo y Rada | 11/28/2019 | Donación | 0.00 | 003 / H333m | 430004077 | 05/16/2024 | V.1 / Ej.1 | 11/28/2019 | Books |